000 00642nam a22002417a 4500
003 UA-OsUOA
001 45369
007 ta
008 20111007b un ||||| |||| 00| 0 ukr d
100 _aChumak V.
090 _a94(477).15
942 _cBK
040 _aUA-OsUOA
_beng
_cUA-OsUOA
_dUA-OsUOA
245 _aWho Is Who At WCFU
300 _a63 p.
955 _a4
041 _aeng
080 _a94(477).15
260 _aК.
_c1984
650 7 _a9 Географія. Біографії. Історія
_2UDC
999 _c425472
_d425472